Normal view
MARC view
- Enuresis.
Entry Topical Term
001 - CONTROL NUMBER
- control field: 37505
003 - CONTROL NUMBER IDENTIFIER
- control field: OSt
005 - DATE AND TIME OF LATEST TRANSACTION
- control field: 20190312084706.0
008 - FIXED-LENGTH DATA ELEMENTS
- fixed length control field: 190312|| aca||aabn | a|a d
040 ## - CATALOGING SOURCE
- Original cataloging agency: OSt
- Transcribing agency: OSt
150 ## - HEADING--TOPICAL TERM
- Topical term or geographic name entry element: Enuresis.
670 ## - SOURCE DATA FOUND
- Source citation: Work cat.: (OSt): Bennett, Howard J. 37504, Waking up Dry :, ©2015.
